000
00238nam a2200097Ia 4500
001
679926
005
20250826161332.0
008
250824s9999 xx 000 0 und d
245
0
_a
MEVLANA İNTERNETTE
_c
NURAN TURAN
260
_b
ERDEM ÇOCUK
999
_c
679926
_d
679926